• 首页
  • 本馆介绍
  • 公告通知
  • 最新文献
  • 馆藏检索
  • 电子资源
  • 读者导购
  • 参考咨询
  • 我的图书馆
  • 登录
  • 详细信息显示
  • 放入我的书架
  • 预约/预借图书
  • 作者相关作品
  • 分类相关作品
  • 丛书相关作品
  • 出版社相关作品

书目信息

  • 表格格式
  • 工作单格式
  • 卡片格式
题名:
追中国梦 育建设人
    
 
作者: 薛德祥 , 吴卓珈 , 沈利民 主编
分册:  
出版信息: 北京   中国文史出版社  2014
页数: 287页
开本: 24cm
丛书名:
单 册:
中图分类: G718.5
科图分类:
主题词: 高等职业教育--人才培养--研究--中国
电子资源:
ISBN: 978-7-5034-5248-2
000 00993nam0 2200265 450
001 339645
005 20150608163545.00
010    @a978-7-5034-5248-2@dCNY55.00
100    @a20141106d2014 em y0chiy50 ea
101 0  @achi
102    @aCN@b110000
105    @ay z 000yy
106    @ar
200 1  @a追中国梦 育建设人@Azhui zhong guo meng yu jian she ren@f薛德祥, 吴卓珈, 沈利民等编著
210    @a北京@c中国文史出版社@d2014
215    @a287页@d24cm
314    @a主编:薛德祥
330    @a本书围绕培育建设类人才的目标, 通过学院的追梦实践, 中国梦在高职教育领域的引领实践, 现代鲁班在建设类职业教育的传承创新, 重点论述了高职建设类人才的培养在教学实践、学生成长、校园文化等方面的创新实践。
606 0  @a高等职业教育@x人才培养@x研究@y中国
690    @aG718.5@v5
701  0 @a薛德祥@Axue de xiang@f(1964)@4主编@4编著
701  0 @a吴卓珈@Awu zhuo jia@c(女, @f1971)@4编著
701  0 @a沈利民@Ashen li min@f(1961)@4编著
801  0 @aCN@b卓展宏图@c20150525
905    @dG718.5@e27@f4
    
    追中国梦 育建设人/薛德祥, 吴卓珈, 沈利民等编著.-北京:中国文史出版社,2014
    287页;24cm
    
    
    ISBN 978-7-5034-5248-2:CNY55.00
    本书围绕培育建设类人才的目标, 通过学院的追梦实践, 中国梦在高职教育领域的引领实践, 现代鲁班在建设类职业教育的传承创新, 重点论述了高职建设类人才的培养在教学实践、学生成长、校园文化等方面的创新实践。
●
相关链接 在E读中查询图书 在五车中查询图书 在当当中查询图书 在豆瓣中查询图书


正题名:追中国梦 育建设人     索取号:G718.5/27         预约/预借

序号 登录号 条形码 馆藏地/架位号 状态 备注
1 863485   208634851   第一样本阅览室/ [索取号:G718.5/27] 在馆    
2 863486   208634860   第四借阅区/ [索取号:G718.5/27] 在馆    
3 863487   208634879   第四借阅区/ [索取号:G718.5/27] 在馆    
4 863488   208634888   教育系资料室/ [索取号:G718.5/27] 在馆    
唐山师范学院图书馆 欢迎您!
大连网信软件有限公司© 版权所有